00324nam a2200121Ia 4500008004100000041001200041082001100053100002400064245006600088260003300154300000800187650000700195221030s9999 xx 000 0 und d aEnglish a105.23 aR. C. H. Richardson 4aThe Commissioning of Electrical Plantcby R. C. H. Richardson bAsia Pub HouseaMumbaic1962 a452 aEE